Special report (Record no. 77974)

MARC details
000 -LEADER
fixed length control field 01109cab a2200217 4500
001 - CONTROL NUMBER
control field ##L135713
008 - FIXED-LENGTH DATA ELEMENTS--GENERAL INFORMATION
fixed length control field 061128n2006 000 0 eng u
035 ## - SYSTEM CONTROL NUMBER
System control number (Sirsi) u135713
041 0# - LANGUAGE CODE
Language code of text/sound track or separate title eng
100 1# - MAIN ENTRY--PERSONAL NAME
Personal name Mann, Will
245 00 - TITLE STATEMENT
Title Special report
Remainder of title offsite construction
260 ## - PUBLICATION, DISTRIBUTION, ETC.
Date of publication, distribution, etc. 2006
490 #0 - SERIES STATEMENT
Series statement Contract Journal
Volume/sequential designation 435(6599) 1 November 2006, 20-28(6)
520 ## - SUMMARY, ETC.
Summary, etc. A series of four articles examining the recent use of offsite construction. "Contractors lead the way" presents results from "Contract Journal's" first offsite survey and reveals that contractors rather than clients or architects, are taking the lead in encouraging the use of offsite technology. "Graduating with honours" examines the supply of precast bedrooms for student accommodation. "M&E takes the lead" discusses the popularity of offsite construction for M and E contractors. "Steel goes to ground" looks at prefabricated stainless steel house foundations.
590 ## - LOCAL NOTE (RLIN)
Local note KA
651 #4 - SUBJECT ADDED ENTRY--GEOGRAPHIC NAME
Geographic name United Kingdom
Chronological subdivision
690 ## - LOCAL SUBJECT ADDED ENTRY--TOPICAL TERM (OCLC, RLIN)
Topical term or geographic name as entry element Construction management
9 (RLIN) 6230
700 1# - ADDED ENTRY--PERSONAL NAME
Personal name Howard, Paul
700 1# - ADDED ENTRY--PERSONAL NAME
Personal name Walter, Mike
942 ## - ADDED ENTRY ELEMENTS (KOHA)
Suppress in OPAC 0
Holdings
Withdrawn status Lost status Source of classification or shelving scheme Damaged status Not for loan Home library Current library Shelving location Date acquired Total Checkouts Full call number Barcode Date last seen Copy number Price effective from Koha item type
    Dewey Decimal Classification     London London Journal article 28/11/2006   L135713 135713-1001 06/08/2019 1 06/08/2019 Journal article